[Event " 81159 Frech Karoly Memorial 2013."]
[Site "Budapest, "]
[Date "2013.??.??"]
[Round "6"]
[White "Bodrogi, Laszlo"]
[Black "Kormos, Adam"]
[Result "0-1"]
[WhiteElo "2036"]
[BlackElo "2211"]
[PlyCount "104"]
[EventDate "2013.??.??"]

1. d4 Nf6 2. c4 g6 3. Nc3 d5 4. Nf3 Bg7 5. Qb3 dxc4 6. Qxc4 O-O 7. e4 a6 8. Qb3
b5 9. Be2 c5 10. dxc5 Bb7 11. Be3 Nxe4 12. Nxe4 Bxe4 13. O-O Bd5 14. Qb4 Nc6
15. Qd2 e6 16. Bh6 Qf6 17. Bxg7 Kxg7 18. Rfc1 Rfd8 19. Qc3 b4 20. Qxf6+ Kxf6
21. Ne1 Nd4 22. Bc4 e5 23. Kf1 a5 24. Bxd5 Rxd5 25. Rc4 Rc8 26. Rac1 Rc6 27.
Nd3 Ne6 28. Ke2 Ke7 29. Ke3 f5 30. f3 Kf6 31. g4 f4+ 32. Ke4 Nc7 33. h4 h6 34.
g5+ hxg5 35. hxg5+ Kxg5 36. Rh1 Kf6 37. Rh8 Rd7 38. Rc8 Re7 39. Rd8 Ke6 40. Rc1
Ne8 41. Nf2 Nf6+ 42. Kd3 Rec7 43. Ra8 Rxc5 44. Rxc5 Rxc5 45. Ra6+ Ke7 46. Rxf6
Rd5+ 47. Kc4 Rd4+ 48. Kb5 Kxf6 49. Kxa5 Kf5 50. a4 bxa3 51. bxa3 e4 52. fxe4+
Rxe4 0-1

[Event " 81159 Frech Karoly Memorial 2013."]
[Site "Budapest, "]
[Date "2013.??.??"]
[Round "6"]
[White "Bodrogi, Mihaly"]
[Black "Varga, Attila"]
[Result "1/2-1/2"]
[WhiteElo "2109"]
[BlackElo "2012"]
[PlyCount "101"]
[EventDate "2013.??.??"]

1. Nf3 d5 2. d4 Nf6 3. Bf4 c6 4. c3 Bf5 5. e3 Nbd7 6. Bd3 Bg6 7. O-O e6 8. h3
Be7 9. Bxg6 hxg6 10. Nbd2 O-O 11. Re1 c5 12. Ne5 Qb6 13. Nxd7 Nxd7 14. Qb3 Rfc8
15. Rad1 Qxb3 16. axb3 a5 17. f3 b5 18. Ra1 c4 19. e4 Bf8 20. exd5 exd5 21.
bxc4 bxc4 22. Nf1 Rc6 23. Re2 a4 24. Ne3 Nb6 25. Nc2 f6 26. Rae1 Kf7 27. Kf2 g5
28. Bc1 Rac8 29. f4 gxf4 30. Bxf4 Ra8 31. Bc1 Bd6 32. Kf3 Bf8 33. h4 Rd8 34. g4
Nc8 35. Bf4 Na7 36. Ne3 a3 37. bxa3 Nb5 38. Nd1 Bxa3 39. h5 Bf8 40. Rb2 Nd6 41.
Bxd6 Bxd6 42. Ne3 Be7 43. Rb5 Rcd6 44. Reb1 R6d7 45. R1b2 Ke6 46. Rb6+ Kf7 47.
Rb7 Ba3 48. Rxd7+ Rxd7 49. Ra2 Be7 50. Nd1 Rb7 51. Ra5 1/2-1/2

[Event " 81159 Frech Karoly Memorial 2013."]
[Site "Budapest, "]
[Date "2013.??.??"]
[Round "6"]
[White "Nagy, Aron"]
[Black "Zoldy, Robert"]
[Result "1-0"]
[WhiteElo "2140"]
[BlackElo "1975"]
[PlyCount "120"]
[EventDate "2013.??.??"]

1. Nf3 d5 2. c4 e6 3. g3 Nf6 4. Bg2 c5 5. O-O Nc6 6. b3 Be7 7. Bb2 d4 8. e3 e5
9. exd4 exd4 10. d3 O-O 11. Na3 Bf5 12. Nh4 Bg4 13. Qd2 Qd7 14. Nc2 a5 15. a3
Bh3 16. Nf3 Bxg2 17. Kxg2 a4 18. b4 b6 19. Rfe1 Bd6 20. Re2 Qb7 21. Rae1 Rae8
22. Rxe8 Rxe8 23. Rxe8+ Nxe8 24. Kg1 Nf6 25. Qe2 h6 26. b5 Ne7 27. Nce1 Qa8 28.
Ng2 g5 29. Bc1 Kh7 30. h4 g4 31. Nh2 h5 32. Qd2 Neg8 33. Qg5 Qe8 34. Bf4 Bxf4
35. Nxf4 Qe1+ 36. Kg2 Qd1 37. Qf5+ Kg7 38. Nxh5+ Nxh5 39. Qxh5 Qxd3 40. Qxg4+
Kf8 41. Qc8+ Kg7 42. Qc6 Qxc4 43. Qxb6 Qd5+ 44. Nf3 d3 45. Qa5 c4 46. Qc3+ f6
47. b6 Ne7 48. h5 Qc6 49. b7 Nd5 50. Qd4 Qxb7 51. Qg4+ Kh7 52. Qxc4 Qb3 53.
Qe4+ Kg7 54. Qg6+ Kh8 55. h6 Qb7 56. Qxd3 f5 57. Qxf5 Nb6 58. Qf6+ Kg8 59. Qg6+
Kh8 60. h7 Qxh7 1-0

[Event " 81159 Frech Karoly Memorial 2013."]
[Site "Budapest, "]
[Date "2013.??.??"]
[Round "7"]
[White "Zoldy, Robert"]
[Black "Yip, Michael"]
[Result "0-1"]
[WhiteElo "1975"]
[BlackElo "2007"]
[PlyCount "112"]
[EventDate "2013.??.??"]

1. e4 d6 2. f4 Nf6 3. Nc3 c5 4. Nf3 a6 5. g3 g6 6. Bg2 Bg7 7. O-O O-O 8. d3 Nc6
9. h3 Nd4 10. Ne2 Nxf3+ 11. Rxf3 e6 12. Be3 Rb8 13. g4 Nd7 14. c3 f5 15. gxf5
exf5 16. Ng3 Nf6 17. Qb3+ Kh8 18. e5 dxe5 19. fxe5 Nd7 20. d4 b5 21. Rd1 c4 22.
Qc2 Nb6 23. Qd2 Nd5 24. Bg5 Qd7 25. Ne2 Bb7 26. Rg3 Rbe8 27. Kh2 Bc6 28. Rg1
Rf7 29. h4 f4 30. Nxf4 Nxf4 31. Bxf4 Ref8 32. Be3 Bxg2 33. R1xg2 Qd5 34. Rf2
Rxf2+ 35. Bxf2 Bxe5 36. Qe3 Bxg3+ 37. Bxg3 Kg8 38. Bf4 Qf5 39. Bg3 h5 40. Qe7
Qf7 41. Qd6 Re8 42. Be5 Qe6 43. Qc7 Qe7 44. Qc6 Qxh4+ 45. Kg2 Qg4+ 46. Kh2 Qe6
47. Qc7 Qf7 48. Qd6 Rf8 49. Bg3 Qf6 50. Qd5+ Kh7 51. Qe4 Kh6 52. d5 g5 53. Qe3
h4 54. Be5 Qf2+ 55. Qxf2 Rxf2+ 56. Kg1 Rf5 0-1

[Event " 81159 Frech Karoly Memorial 2013."]
[Site "Budapest, "]
[Date "2013.??.??"]
[Round "7"]
[White "Varga, Attila"]
[Black "Nagy, Aron"]
[Result "1-0"]
[WhiteElo "2012"]
[BlackElo "2140"]
[PlyCount "119"]
[EventDate "2013.??.??"]

1. d4 Nf6 2. Nf3 g6 3. b3 Bg7 4. Bb2 O-O 5. e3 c5 6. Be2 cxd4 7. Nxd4 d5 8. O-O
Re8 9. Nd2 e5 10. N4f3 Nc6 11. Bb5 e4 12. Nd4 Qd6 13. h3 Bd7 14. c4 Nxd4 15.
Bxd4 Bxb5 16. cxb5 Nd7 17. Nb1 Ne5 18. Nc3 Nd3 19. Ne2 f5 20. Bxg7 Kxg7 21. Nc1
Nc5 22. Qd4+ Kf7 23. Ne2 Ne6 24. Qd2 Rac8 25. Rac1 b6 26. Rfd1 Rxc1 27. Rxc1
Qd7 28. a4 Nc5 29. Rc3 Nd3 30. Qc2 Qd6 31. Nc1 Ne5 32. Qd2 Rd8 33. Qd4 Rd7 34.
Ne2 Nd3 35. Qh8 Qe5 36. Qxh7+ Qg7 37. Qxg7+ Kxg7 38. Rc6 Nb4 39. Rc8 Kf6 40.
Nd4 Nd3 41. Kf1 Nc5 42. Ke2 Nd3 43. h4 Kf7 44. g3 Kf6 45. Rc6+ Kf7 46. f4 Nc5
47. Rc8 Nd3 48. Kd2 Kg7 49. Ke2 Nc5 50. a5 Nd3 51. a6 Kf6 52. Rb8 Rc7 53. Nc6
Nc5 54. Rd8 Nxb3 55. Rd6+ Kg7 56. Rxd5 Nc1+ 57. Kf1 Nd3 58. Rd6 Kf7 59. Rd8 Nc5
60. Ra8 1-0

[Event " 81159 Frech Karoly Memorial 2013."]
[Site "Budapest, "]
[Date "2013.??.??"]
[Round "7"]
[White "Kormos, Adam"]
[Black "Bodrogi, Mihaly"]
[Result "1/2-1/2"]
[WhiteElo "2211"]
[BlackElo "2109"]
[PlyCount "69"]
[EventDate "2013.??.??"]

1. e4 c5 2. Nf3 d6 3. d4 cxd4 4. Nxd4 Nf6 5. Nc3 g6 6. Be3 Bg7 7. f3 Nc6 8. Qd2
O-O 9. Bc4 Bd7 10. O-O-O Ne5 11. Bb3 Qa5 12. Kb1 Rfc8 13. g4 Rab8 14. Bg5 b5
15. Bxf6 Bxf6 16. Nd5 Qxd2 17. Nxf6+ Kg7 18. Rxd2 Kxf6 19. h3 g5 20. Ne2 Ng6
21. Rf1 Nf4 22. Nxf4 gxf4 23. e5+ Kxe5 24. Re2+ Kf6 25. g5+ Kxg5 26. Rxe7 Be8
27. Rd1 Kh4 28. Rg1 h5 29. Re4 Kxh3 30. Rxf4 Rc5 31. Rd4 Rf5 32. Bd5 Rb6 33.
Rg7 Bc6 34. Rd1 Kh2 35. Rd2+ 1/2-1/2

[Event " 81159 Frech Karoly Memorial 2013."]
[Site "Budapest, "]
[Date "2013.??.??"]
[Round "7"]
[White "Koczo, Kristof"]
[Black "Bodrogi, Laszlo"]
[Result "1-0"]
[WhiteElo "2269"]
[BlackElo "2036"]
[PlyCount "125"]
[EventDate "2013.??.??"]

1. d4 Nf6 2. c4 e6 3. Nc3 Bb4 4. e3 b6 5. Nge2 Ba6 6. a3 Bxc3+ 7. Nxc3 d5 8. b3
Nc6 9. Be2 O-O 10. O-O Na5 11. cxd5 Bxe2 12. Nxe2 Qxd5 13. Rb1 Rfd8 14. Qc2
Rac8 15. b4 Qc4 16. Rb2 Qxc2 17. Rxc2 Nb7 18. Bb2 a5 19. Nf4 axb4 20. axb4 Nd5
21. Nd3 Nd6 22. Ra1 Ra8 23. Rcc1 f6 24. Kf1 Rxa1 25. Rxa1 Kf7 26. Ke2 Nc4 27.
Bc1 Nc3+ 28. Kf3 e5 29. Nb2 e4+ 30. Kg4 Nd6 31. g3 Kg6 32. Bd2 Nd5 33. Kh3 Nf7
34. Kg2 Ng5 35. b5 Nf3 36. Nc4 Kf5 37. Ra7 h5 38. Bc1 h4 39. gxh4 Rh8 40. Nd2
Rxh4 41. Nf1 Ke6 42. h3 g5 43. Ra8 Ne7 44. Ng3 f5 45. Ba3 Ng6 46. Re8+ Kf7 47.
Rc8 g4 48. hxg4 Rxg4 49. Rxc7+ Ke8 50. Rc6 f4 51. exf4 Nxf4+ 52. Kf1 Nxd4 53.
Rxb6 Nd3 54. Nh5 Rh4 55. Nf6+ Kf7 56. Nd5 Rh1+ 57. Kg2 Rh8 58. Rf6+ Kg7 59. b6
Ne1+ 60. Kg3 Ne2+ 61. Kg4 Nf3 62. Rxf3 exf3 63. Bb2+ 1-0

[Event " 81159 Frech Karoly Memorial 2013."]
[Site "Budapest, "]
[Date "2013.??.??"]
[Round "7"]
[White "Juhasz, Bela"]
[Black "Stern, Tibor"]
[Result "*"]
[WhiteElo "2222"]
[BlackElo "2025"]
[PlyCount "121"]
[EventDate "2013.??.??"]

1. d4 Nf6 2. c4 c5 3. d5 g6 4. Nc3 Bg7 5. Nf3 O-O 6. g3 d6 7. Bg2 a6 8. a4 Bf5
9. Nd2 Qc8 10. h3 e5 11. a5 Bd7 12. Na4 Bxa4 13. Qxa4 e4 14. Nxe4 Nxe4 15. Bxe4
Re8 16. Bg2 Nd7 17. Ra3 b5 18. axb6 Nxb6 19. Qc2 a5 20. Rb3 Qa6 21. Rb5 a4 22.
O-O Reb8 23. Be4 Nxc4 24. Rxb8+ Rxb8 25. Bd3 Rb4 26. h4 Qb5 27. h5 f5 28. hxg6
hxg6 29. Kg2 Kf7 30. g4 Ne3+ 31. fxe3 Rxg4+ 32. Kh3 Qb4 33. e4 Be5 34. Bh6 Rg3+
35. Kh4 Qb8 36. exf5 g5+ 37. Kh5 Kf6 38. Bg7+ Kxg7 39. f6+ Bxf6 40. Rxf6 Qh8+
41. Bh7 Qe8+ 42. Qg6+ Qxg6+ 43. Rxg6+ Kxh7 44. Rxd6 Kg7 45. e4 Re3 46. Re6 Rb3
47. Kxg5 Rxb2 48. Re7+ Kf8 49. Ra7 a3 50. Rxa3 Ke7 51. Kf5 Rh2 52. Ra7+ Kd6 53.
Ra6+ Kd7 54. Ke5 Rh5+ 55. Kf4 c4 56. Ra7+ Kc8 57. d6 c3 58. Rc7+ Kd8 59. Rxc3
Kd7 60. Rc7+ Kd8 61. e5 *

[Event " 81159 Frech Karoly Memorial 2013."]
[Site "Budapest, "]
[Date "2013.??.??"]
[Round "8"]
[White "Yip, Michael"]
[Black "Stern, Tibor"]
[Result "0-1"]
[WhiteElo "2007"]
[BlackElo "2025"]
[PlyCount "72"]
[EventDate "2013.??.??"]

1. d4 Nf6 2. c4 c5 3. d5 g6 4. Nc3 Bg7 5. e4 O-O 6. Nf3 e6 7. Be2 exd5 8. exd5
d6 9. h3 a6 10. a4 Re8 11. O-O Ne4 12. Nxe4 Rxe4 13. Bd3 Re8 14. Ra2 Nd7 15. b3
Ne5 16. Nxe5 Bxe5 17. Be3 Qf6 18. Re2 Bf5 19. Bxf5 Qxf5 20. Qd2 Qd7 21. Rfe1
Rac8 22. Bg5 b5 23. axb5 axb5 24. Kh1 bxc4 25. bxc4 Rb8 26. f4 Bd4 27. Re7 Rxe7
28. Rxe7 Qf5 29. Qe2 Rb1+ 30. Kh2 Bg1+ 31. Kg3 Rb3+ 32. Kh4 Bh2 33. Re3 Bxf4
34. Re8+ Kg7 35. Bxf4 Qxf4+ 36. Qg4 Qh6+ 0-1

[Event " 81159 Frec Karoly Memorial 2013."]
[Site "Budapest, "]
[Date "2013.??.??"]
[Round "8"]
[White "Bodrogi, Laszlo"]
[Black "Juhasz, Bela"]
[Result "0-1"]
[WhiteElo "2036"]
[BlackElo "2222"]
[PlyCount "50"]
[EventDate "2013.??.??"]

1. e4 c5 2. Nf3 e6 3. d4 cxd4 4. Nxd4 a6 5. Nc3 Qc7 6. g3 Nf6 7. Bg2 d6 8. O-O
Be7 9. g4 Nc6 10. g5 Nd7 11. Nxc6 bxc6 12. f4 O-O 13. f5 exf5 14. exf5 d5 15.
g6 Nf6 16. gxf7+ Rxf7 17. Qd4 Rb8 18. Bf4 Rb4 19. Bxc7 Rxd4 20. Bg3 Rd2 21.
Rac1 Ng4 22. Nd1 Bc5+ 23. Kh1 Bxf5 24. c4 Be4 25. Rxf7 Kxf7 0-1

[Event " 81159 Frech Karoly Memorial 2013."]
[Site "Budapest, "]
[Date "2013.??.??"]
[Round "8"]
[White "Bodrogi, Mihaly"]
[Black "Koczo, Kristof"]
[Result "0-1"]
[WhiteElo "2109"]
[BlackElo "2269"]
[PlyCount "76"]
[EventDate "2013.??.??"]

1. Nf3 d5 2. g3 g6 3. Bg2 Bg7 4. O-O e5 5. d3 Ne7 6. c4 O-O 7. Qc2 Nbc6 8. Bd2
dxc4 9. dxc4 e4 10. Ne1 f5 11. Nc3 Be6 12. b3 Nd4 13. Qc1 Nxe2+ 14. Nxe2 Bxa1
15. f3 Bg7 16. Nf4 Bf7 17. fxe4 fxe4 18. Nc2 c6 19. Bxe4 Qc7 20. Nd3 Be6 21.
Nf4 Bf5 22. Bxf5 Rxf5 23. Ne3 Bd4 24. Kg2 Bxe3 25. Bxe3 Qe5 26. Re1 Qf6 27. Qd2
c5 28. g4 Re5 29. Nd3 Re4 30. Nf2 Re6 31. Bxc5 Rxe1 32. Qxe1 Qc6+ 33. Ne4 Re8
34. Kg1 Qe6 35. Qe3 Nd5 36. cxd5 Qxg4+ 37. Qg3 Rxe4 38. Bxa7 Qd1+ 0-1

[Event " 81159 Frech Karoly Memorial 2013."]
[Site "Budapest, "]
[Date "2013.??.??"]
[Round "8"]
[White "Nagy, Aron"]
[Black "Kormos, Adam"]
[Result "1/2-1/2"]
[WhiteElo "2140"]
[BlackElo "2211"]
[PlyCount "76"]
[EventDate "2013.??.??"]

1. c4 Nf6 2. g3 g6 3. Bg2 d5 4. cxd5 Nxd5 5. Nc3 Nb6 6. d3 Bg7 7. Be3 O-O 8.
Qd2 N8d7 9. Bh6 Bxh6 10. Qxh6 Ne5 11. Nf3 Nxf3+ 12. Bxf3 Qd4 13. h4 c6 14. h5
Qg7 15. hxg6 fxg6 16. O-O-O Be6 17. Qe3 Bd5 18. Nxd5 cxd5 19. Rh4 e5 20. Rdh1
Qc7+ 21. Kb1 Rf7 22. Bg4 Re8 23. f4 d4 24. Qe4 Na4 25. Rxh7 Nc3+ 26. bxc3 Qb6+
27. Kc2 Rxh7 28. Qd5+ Rf7 29. fxe5 dxc3 30. Rb1 Qe3 31. Be6 Qxe2+ 32. Kxc3 Rxe6
33. Qxe6 Kg7 34. Qd6 Qxa2 35. Rb4 Qa3+ 36. Kd2 Qa2+ 37. Kc3 Qa3+ 38. Kd2 Qa2+
1/2-1/2

[Event " 81159 Frech Karoly Memorial 2013."]
[Site "Budapest, "]
[Date "2013.??.??"]
[Round "8"]
[White "Zoldy, Robert"]
[Black "Varga, Attila"]
[Result "1/2-1/2"]
[WhiteElo "1975"]
[BlackElo "2012"]
[PlyCount "22"]
[EventDate "2013.??.??"]

1. c4 c5 2. Nf3 b6 3. g3 Bb7 4. Bg2 Nf6 5. Nc3 e6 6. O-O Be7 7. Re1 O-O 8. e4
d6 9. d4 Nbd7 10. d5 e5 11. Nh4 Re8 1/2-1/2

[Event " 81159 Frech Karoly Memorial 2013."]
[Site "Budapest, "]
[Date "2013.??.??"]
[Round "9"]
[White "Varga, Attila"]
[Black "Yip, Michael"]
[Result "0-1"]
[WhiteElo "2012"]
[BlackElo "2007"]
[PlyCount "68"]
[EventDate "2013.??.??"]

1. d4 d6 2. Nf3 Nf6 3. b3 g6 4. Bb2 Bg7 5. e3 O-O 6. Be2 Nbd7 7. O-O e5 8. c4
Re8 9. Nc3 e4 10. Nd2 Nf8 11. Qc2 Bf5 12. h3 h5 13. Rfd1 N8h7 14. Bf1 Ng5 15.
Ne2 h4 16. c5 d5 17. c6 b6 18. b4 a6 19. a4 Bf8 20. Ba3 Bd6 21. Nb3 Qe7 22. Nc5
Qf8 23. Nd7 Nxd7 24. cxd7 Bxd7 25. Qb3 c6 26. Nc3 b5 27. a5 Kg7 28. Na2 Qe7 29.
Bc1 Bc7 30. Qc2 Qd6 31. f4 exf3 32. gxf3 Nxf3+ 33. Kh1 Bf5 34. Qg2 Be4 0-1

[Event " 81159 Frech Karoly Memorial 2013."]
[Site "Budapest, "]
[Date "2013.??.??"]
[Round "9"]
[White "Kormos, Adam"]
[Black "Zoldy, Robert"]
[Result "1/2-1/2"]
[WhiteElo "2211"]
[BlackElo "1975"]
[PlyCount "37"]
[EventDate "2013.??.??"]

1. e4 e5 2. Nf3 Nc6 3. Nc3 Nf6 4. g3 d5 5. exd5 Nxd5 6. d3 Be7 7. Bg2 O-O 8.
O-O Be6 9. Re1 Bd6 10. Ng5 Nxc3 11. bxc3 Bd7 12. Qh5 h6 13. Be4 Be8 14. Bd5 Ne7
15. Ne4 Nf5 16. Qxf5 Bd7 17. Qf3 Bc6 18. Qf5 Bd7 19. Qxd7 1/2-1/2

[Event " 81159 Frech Karoly Memorial 2013."]
[Site "Budapest, "]
[Date "2013.??.??"]
[Round "9"]
[White "Koczo, Kristof"]
[Black "Nagy, Aron"]
[Result "1/2-1/2"]
[WhiteElo "2269"]
[BlackElo "2140"]
[PlyCount "46"]
[EventDate "2013.??.??"]

1. d4 Nf6 2. c4 c5 3. d5 e6 4. Nc3 exd5 5. cxd5 d6 6. e4 g6 7. h3 Bg7 8. Bg5
O-O 9. Bd3 Re8 10. Nf3 c4 11. Bc2 b5 12. a3 Nbd7 13. O-O Nc5 14. Re1 Qb6 15.
Be3 Nfd7 16. Bd4 Ne5 17. Nxe5 Bxe5 18. Re3 Bb7 19. g3 a6 20. f4 Bxd4 21. Qxd4
Nd7 22. Qxb6 Nxb6 23. Rd1 Rad8 1/2-1/2

[Event " 81159 Freck Karoly Memorial 2013."]
[Site "Budapest, "]
[Date "2013.??.??"]
[Round "9"]
[White "Stern, Tibor"]
[Black "Bodrogi, Laszlo"]
[Result "*"]
[WhiteElo "2025"]
[BlackElo "2036"]
[PlyCount "27"]
[EventDate "2013.??.??"]

1. e4 e6 2. Qe2 c5 3. b3 Nc6 4. Nf3 Be7 5. Bb2 Nf6 6. e5 Nd5 7. g3 O-O 8. Bg2
f6 9. O-O Ndb4 10. Na3 fxe5 11. Nxe5 Nxe5 12. Bxe5 d6 13. Bb2 Bf6 14. c3 *